000 00349nam a2200145Ia 4500
003 OSt
005 20240103122842.0
008 170524s9999 xx 000 0 und d
020 _a9788184350197
040 _cIIMT UNIVERSITY
100 _aDRIVEDY- SYAM MOHAN
245 0 _aBHARAT ME SEVA CHETRA
260 _bNew Delhi : Adhiyaya
942 _2ddc
_c01
999 _c9411
_d9411